|
|
|
|
| LEADER |
00000nab a2200000 a 4500 |
| 001 |
vtls000836640 |
| 003 |
SK-MaSNL |
| 005 |
20260304115435.0 |
| 008 |
250429c2003 xo 0 slo |
| 015 |
|
|
|a SNBRB2003/06-16615
|
| 035 |
|
|
|a CLN000188295
|
| 035 |
|
|
|a urn:nbn:sk:snk-abf47j
|
| 035 |
|
|
|a (urnnbn)urn:nbn:sk:snk:ar-004yro
|
| 035 |
|
|
|a (uuid)682d45d3-b557-45fd-b866-6de688d58523
|
| 040 |
|
|
|a SNKBUCL
|b slo
|c SNKBUCL
|e AACR2
|
| 041 |
0 |
|
|a slo
|
| 044 |
|
|
|a xo
|c SK
|
| 080 |
|
|
|a 801-051
|2 1997
|
| 080 |
|
|
|a 808.50-051
|2 1997
|
| 080 |
|
|
|a 82:929:885.0
|2 1997
|
| 080 |
|
|
|a 885.0:929
|2 1997
|
| 080 |
|
|
|a 929 Stich, Alexandr
|2 1997
|
| 100 |
1 |
|
|a Vojtech, Miloslav,
|d 1973-
|4 aut
|9 201588
|
| 245 |
1 |
0 |
|a Za Alexandrom Stichom
|c Miloslav Vojtech
|
| 600 |
1 |
7 |
|a Stich, Alexandr,
|d 1934-2003
|2 snkbucl
|9 106723
|
| 655 |
|
7 |
|a články z novín a časopisov
|2 snkbucl
|9 267496
|
| 773 |
0 |
|
|t Slovenská literatúra
|g Roč. 50, č. 1 (2003), s. 77-79
|x 0037-6973
|
| 850 |
|
|
|a Slovenská národná knižnica
|
| 852 |
|
|
|a Slovenská národná knižnica
|
| 954 |
|
|
|a odborná, vedecká literatúra pôvodná (slovenská)
|2 lita
|
| 958 |
|
|
|a article27
|
| 958 |
|
|
|a LX
|
| 958 |
|
|
|a CZ
|
| 958 |
|
|
|a BC
|
| 958 |
|
|
|a OND
|
| 958 |
|
|
|a EUIPO
|
| 992 |
|
|
|a RBX
|
| 999 |
|
|
|c 2875980
|d 2877910
|